00772nam a2200181 a 4500008004100000020001800041050001600059100001600075245009400091260003600185300001600221650003500237650003700272650003800309995009400347999001700441952013200458170113s2014 ||||||||||||||||| || u a9781412948760 aHD 62.4 Mac aMcCann, Leo10aInternational and comparative business: foundations of political economiescBy Leo McCann aLondonbSAGE Publicationsc2014 axvii, 376p. aINTERNATIONAL ECONOMIC ASPECTS 0aINTERNATIONAL ECONOMIC RELATIONS aINTERNATIONAL BUSINESS ENTERPRISE FCBU-MAIN LIBRARY (Kitwe)M1UAVAILABLEWFeb 20, 2017ZMain Library Open Access Collection c47278d47278 00102lcc4070a001b001cMain Library Open Access Collectiond2022-11-30l0oHD 62.4 Macp747580r2022-11-30w2022-11-30y002